| Tag |
First Indicator |
Second Indicator |
Subfields |
| LEADER |
00000cam a2200000 i 4500 |
| 001 |
in00003774528 |
| 005 |
20160504110007.0 |
| 008 |
160322s2016 vra b 001 0 eng |
| 010 |
|
|
|a 2015463446
|
| 035 |
|
|
|a (OCoLC)ocn945767310
|
| 040 |
|
|
|a DLC
|e rda
|c DLC
|d TXA
|
| 020 |
|
|
|a 9780522867879 (paperback)
|
| 020 |
|
|
|a 0522867871 (paperback)
|
| 020 |
|
|
|a 9780522869545 (hardback)
|
| 020 |
|
|
|a 0522869548 (hardback)
|
| 020 |
|
|
|z 9780522867886 (ebook)
|
| 043 |
|
|
|a u-at---
|
| 050 |
0 |
0 |
|a D547.A8
|b A92 2016
|
| 049 |
|
|
|a TXAM
|
| 245 |
0 |
0 |
|a Australia and the Great War :
|b identity, memory and mythology /
|c edited by Michael JK Walsh and Andrekos Varnava.
|
| 264 |
|
1 |
|a Carlton, Victoria :
|b Melbourne University Press,
|c 2016.
|
| 300 |
|
|
|a vi, 274 pages :
|b illustrations ;
|c 22 cm.
|
| 336 |
|
|
|a text
|b txt
|2 rdacontent
|
| 337 |
|
|
|a unmediated
|b n
|2 rdamedia
|
| 338 |
|
|
|a volume
|b nc
|2 rdacarrier
|
| 504 |
|
|
|a Includes bibliographical references (pages [257]-265) and index.
|
| 650 |
|
0 |
|a World War, 1914-1918
|z Australia
|x Historiography.
|
| 651 |
|
0 |
|a Australia
|x Historiography.
|
| 650 |
|
0 |
|a Nationalism
|z Australia.
|
| 650 |
|
0 |
|a Collective memory
|z Australia.
|
| 700 |
1 |
|
|a Walsh, Michael J. K.,
|d 1968-
|e editor.
|
| 945 |
|
|
|a PromptCat
|
| 948 |
|
|
|a cataloged
|b h
|c 2016/5/4
|d c
|e dmitchel
|f 11:00:00 am
|
| 994 |
|
|
|a C0
|b TXA
|
| 999 |
f |
f |
|s 0c257ba2-ac51-30c3-82c9-595a34d488e2
|i 005fba3b-1c44-3a57-b5e1-dad00ad24681
|t 0
|
| 952 |
f |
f |
|p normal
|a Texas A&M University
|b College Station
|c Sterling C. Evans Library
|d Evans: Library Stacks
|t 0
|e D547.A8 A92 2016
|h Library of Congress classification
|i unmediated -- volume
|m A14843391518
|
| 998 |
f |
f |
|a D547.A8 A92 2016
|t 0
|l Evans: Library Stacks
|